书目信息 |
| 题名: |
美国正在沦为第二位吗?
|
|
| 作者: | ;洪科 译 ;美国“当前危险委员会” 著 | |
| 分册: | ||
| 出版信息: | 北京 世界知识出版社 1980 |
|
| 页数: | 76页 | |
| 开本: | 19cm | |
| 丛书名: | ||
| 单 册: | ||
| 中图分类: | E712.1 , E317 | |
| 科图分类: | ||
| 主题词: | 国防建设--美国 | |
| 电子资源: | ||
| ISBN: | ||
| 000 | 00817nam0 2200265 450 | |
| 001 | 1531076925 | |
| 005 | 20150122083815.68 | |
| 010 | @dCNY0.27 | |
| 091 | @a5003.502 | |
| 100 | @a19950630d1980 emky0chiy0110 ea | |
| 101 | 1 | @achi@ceng |
| 102 | @aCN@b110000 | |
| 105 | @ay z 000yy | |
| 200 | 1 | @a美国正在沦为第二位吗?@9mei guo zheng zai lun wei di er wei ma@f美国“当前危险委员会”著@g洪科译 |
| 210 | @a北京@c世界知识出版社@d1980 | |
| 215 | @a76页@d19cm | |
| 300 | @a书名原文:Is America becoming number 2? | |
| 510 | 1 | @aIs america becoming number 2?@zeng |
| 606 | 0 | @a国防建设@y美国 |
| 690 | @aE712.1@v5 | |
| 690 | @aE317@v4 | |
| 702 | 0 | @a洪科@9hong ke@4译 |
| 711 | 02 | @a美国“当前危险委员会”@9mei guo dang qian wei xian wei yuan hui@4著 |
| 801 | 0 | @aCN@bTSSF@c20150122 |
| 905 | @aZUCC@dE317@eJY6 | |
| 美国正在沦为第二位吗?/美国“当前危险委员会”著/洪科译.-北京:世界知识出版社,1980 |
| 76页;19cm |
| 书名原文:Is America becoming number 2? |
| ISBN :CNY0.27 |
| ● |
| 相关链接 |
|
|
|
|
正题名:美国正在沦为第二位吗?
索取号:E317/JY6
 
预约/预借
| 序号 | 登录号 | 条形码 | 馆藏地/架位号 | 状态 | 备注 |
| 1 | 7843807 | 278438077 | 学院路分馆/ [索取号:E317/JY6] | 在馆 |